000 00658nam a22001935i 4500
001 160896
003 ES-MaACL
005 20250809042455.0
008 990615s1884 sp |||| | spa d
100 1 _aOjea y Somoza, Telesforo,
_d1858-1890
_9130598
245 1 4 _aLos derechos individuales, ¿son legislables? /
_cpor Telesforo Ojea y Somoza.
260 _aMadrid :
_b[s.n.],
_c1884 (
_fTip. de Manuel Ginés Hernández)
300 _a210, [5] p. ;
_c20 cm.
650 7 _aDerechos humanos
_2embne
_911770
752 _aEspaña -
_dMadrid
852 _aES-MaACL
_jF-10597
_z- Enc. pasta española
942 _2udc
999 _c160896
_d160896